LIBRARY & INFORMATION CENTRE, KCAET, TAVANUR

ONLINE PUBLIC ACCESS CATALOGUE (OPAC)

Nammude Sahithyakaranmar, Part 12 / (Record no. 5037)

MARC details
000 -LEADER
fixed length control field 00282cam a2200109ua 4500
082 ## - DEWEY DECIMAL CLASSIFICATION NUMBER
Classification number 928
Item number KUN/NA
100 ## - MAIN ENTRY--AUTHOR NAME
Personal name Kunjukrishnan, Pallippattu.
245 ## - TITLE STATEMENT
Title Nammude Sahithyakaranmar, Part 12 /
260 ## - PUBLICATION, DISTRIBUTION, ETC. (IMPRINT)
Place of publication :
Name of publisher E K Raghu Rama Chandran ,
Year of publication 1962.
300 ## - PHYSICAL DESCRIPTION
Number of Pages 228 ; .
942 ## - ADDED ENTRY ELEMENTS (KOHA)
Koha item type Books
Holdings
Withdrawn status Lost status Damaged status Home library Current library Date acquired Full call number Accession Number Koha item type
Withdrawn     KAUAET Malayalam University 07/04/2012 928 152 Books
free website counter